[Event "77. Campeonato Brasileiro 2010 - Final"]
[Site "Americana BRA"]
[Date "2010.12.03"]
[Round "5.3"]
[White "Mekhitarian, Krikor Sevag"]
[Black "Gonzalez, Bolivar Ribeiro"]
[Result "1/2-1/2"]
[WhiteElo "2525"]
[BlackElo "2277"]
[PlyCount "117"]
[EventDate "2010.11.29"]
[EventType "tourn"]
[EventRounds "11"]
[EventCountry "BRA"]
[EventCategory "10"]
[Source "lmi"]
[SourceDate "2010.11.29"]

1. d4 Nf6 2. c4 c5 3. d5 b5 4. Qc2 bxc4 5. e4 d6 6. Bxc4 g6 7. h3 Bg7 8. Nf3
O-O 9. O-O Ba6 10. Na3 Bxc4 11. Nxc4 a5 12. Bd2 a4 13. Bc3 Na6 14. Rfe1 Nc7 15.
Nb6 Ra6 16. Nxa4 Nb5 17. Bxf6 Bxf6 18. e5 Bg7 19. Rad1 Qa8 20. b3 Rc8 21. Qc4
Nd4 22. Nxd4 cxd4 23. Qxd4 Bxe5 24. Qd3 Bf6 25. g3 Qb7 26. Rc1 Ra5 27. Rxc8+
Qxc8 28. h4 h5 29. Kg2 Qb7 30. Rd1 Ra8 31. Rd2 Rc8 32. Nb2 Rc1 33. Nc4 Qb4 34.
Rd1 Rc3 35. Qe2 Qc5 36. Rd3 Rc1 37. Qe3 Rxc4 38. bxc4 Qxc4 39. Rd2 Kg7 40. Qd3
Qb4 41. a3 Qg4 42. Rc2 Qa4 43. Rc4 Qb5 44. a4 Qb2 45. Re4 Qa1 46. Qb5 Be5 47.
a5 f5 48. Ra4 Qd1 49. Qc4 f4 50. Ra3 fxg3 51. fxg3 Qd2+ 52. Kh3 Qe1 53. Kg2
Qd2+ 54. Kh3 Qe1 55. Qc2 Qh1+ 56. Qh2 Qe4 57. Qf2 Qh1+ 58. Qh2 Qe4 59. Qf2
1/2-1/2

[Event "77. Campeonato Brasileiro 2010 - Final"]
[Site "Americana BRA"]
[Date "2010.12.03"]
[Round "5.4"]
[White "Di Berardino, Diego Rafael"]
[Black "Barreto Filho, Carlos Alberto"]
[Result "1-0"]
[WhiteElo "2491"]
[BlackElo "2350"]
[PlyCount "77"]
[EventDate "2010.11.29"]
[EventType "tourn"]
[EventRounds "11"]
[EventCountry "BRA"]
[EventCategory "10"]
[Source "lmi"]
[SourceDate "2010.11.29"]

1. d4 Nf6 2. c4 g6 3. Nc3 Bg7 4. e4 d6 5. Be2 O-O 6. Nf3 e5 7. Be3 exd4 8. Nxd4
Re8 9. f3 Nc6 10. O-O Nh5 11. Qd2 Nf4 12. Rfd1 Nxd4 13. Bxd4 Qg5 14. Bf1 Bxd4+
15. Qxd4 Ne6 16. Qf2 Qc5 17. Nd5 Qxf2+ 18. Kxf2 Kg7 19. g3 Bd7 20. Bh3 Rac8 21.
b4 Nf8 22. Bg2 Be6 23. Rac1 f5 24. exf5 Bxf5 25. f4 Bd7 26. Rd3 a6 27. a3 h6
28. Rd2 g5 29. Bf3 g4 30. Bg2 Bc6 31. h3 gxh3 32. Bxh3 Bd7 33. Bg2 Bc6 34. Bf3
Bd7 35. Rh1 Be6 36. Ne3 Rb8 37. Rd4 Nd7 38. f5 Bf7 39. Rg4+ 1-0

[Event "77. Campeonato Brasileiro 2010 - Final"]
[Site "Americana BRA"]
[Date "2010.12.03"]
[Round "5.5"]
[White "Jatoba De Oliveira Reis, Paulo"]
[Black "El Debs, Felipe De Cresce"]
[Result "0-1"]
[WhiteElo "2378"]
[BlackElo "2502"]
[PlyCount "60"]
[EventDate "2010.11.29"]
[EventType "tourn"]
[EventRounds "11"]
[EventCountry "BRA"]
[EventCategory "10"]
[Source "lmi"]
[SourceDate "2010.11.29"]

1. d4 Nf6 2. c4 g6 3. Nc3 d5 4. Nf3 Bg7 5. Bg5 dxc4 6. e3 c5 7. Bxc4 Qa5 8. O-O
cxd4 9. Bb5+ Bd7 10. Bxd7+ Nbxd7 11. Qxd4 O-O 12. Rfd1 Nb6 13. Qh4 Rac8 14. Nd2
Rfd8 15. Rac1 Qf5 16. e4 Qe6 17. f3 Rd3 18. Nb3 Rxd1+ 19. Rxd1 Nc4 20. Bc1 b5
21. Qf2 b4 22. Nb1 Qa6 23. N1d2 Qxa2 24. Nd4 Nd7 25. Nb5 Ncb6 26. Nd4 Nc5 27.
Nf1 Rd8 28. Be3 Nc4 29. Bg5 Qxb2 30. Bxe7 Qxf2+ 0-1

[Event "77. Campeonato Brasileiro 2010 - Final"]
[Site "Americana BRA"]
[Date "2010.12.03"]
[Round "5.6"]
[White "Milos, Gilberto"]
[Black "Matsuura, Everaldo"]
[Result "1/2-1/2"]
[WhiteElo "2596"]
[BlackElo "2490"]
[PlyCount "36"]
[EventDate "2010.11.29"]
[EventType "tourn"]
[EventRounds "11"]
[EventCountry "BRA"]
[EventCategory "10"]
[Source "lmi"]
[SourceDate "2010.11.29"]

1. d4 d5 2. c4 e6 3. Nf3 Nf6 4. g3 Bb4+ 5. Bd2 Be7 6. Bg2 O-O 7. O-O c6 8. Qc2
b6 9. Bf4 Ba6 10. Nbd2 Nbd7 11. Rfc1 Nh5 12. Be3 Rc8 13. Qa4 Bxc4 14. Nxc4 b5
15. Qxa7 bxc4 16. b3 Ra8 17. Qb7 Rb8 18. Qxc6 Rc8 1/2-1/2

[Event "77. Campeonato Brasileiro 2010 - Final"]
[Site "Americana BRA"]
[Date "2010.12.04"]
[Round "6.2"]
[White "El Debs, Felipe De Cresce"]
[Black "Milos, Gilberto"]
[Result "1/2-1/2"]
[WhiteElo "2502"]
[BlackElo "2596"]
[PlyCount "48"]
[EventDate "2010.11.29"]
[EventType "tourn"]
[EventRounds "11"]
[EventCountry "BRA"]
[EventCategory "10"]
[Source "lmi"]
[SourceDate "2010.11.29"]

1. Nf3 Nf6 2. c4 b6 3. g3 Bb7 4. Bg2 e6 5. O-O Be7 6. d4 O-O 7. Re1 Qc8 8. Bf4
d6 9. Qd3 c5 10. dxc5 bxc5 11. e4 Rd8 12. Nc3 Nc6 13. Rad1 Ng4 14. b3 Nge5 15.
Qd2 a6 16. Kh1 Qc7 17. Ng1 Bf6 18. Nge2 Qe7 19. h3 Nd4 20. Nxd4 cxd4 21. Bxe5
dxe5 22. Ne2 Bg5 23. Qa5 f6 24. Nc1 Bxc1 1/2-1/2

[Event "77. Campeonato Brasileiro 2010 - Final"]
[Site "Americana BRA"]
[Date "2010.12.04"]
[Round "6.3"]
[White "Barreto Filho, Carlos Alberto"]
[Black "Jatoba De Oliveira Reis, Paulo"]
[Result "1/2-1/2"]
[WhiteElo "2350"]
[BlackElo "2378"]
[PlyCount "45"]
[EventDate "2010.11.29"]
[EventType "tourn"]
[EventRounds "11"]
[EventCountry "BRA"]
[EventCategory "10"]
[Source "lmi"]
[SourceDate "2010.11.29"]

1. d4 e6 2. c4 Nf6 3. Nf3 Bb4+ 4. Nbd2 O-O 5. a3 Be7 6. e4 d5 7. e5 Nfd7 8.
cxd5 exd5 9. Bd3 c5 10. O-O Nc6 11. Re1 Re8 12. dxc5 Nxc5 13. Bc2 Bg4 14. b4
Ne6 15. Nb3 Rc8 16. h3 Bh5 17. Bf5 Bg6 18. Bxg6 hxg6 19. Bb2 Bf8 20. Qd2 Qd7
21. Red1 Red8 22. Rac1 a6 23. Qe3 1/2-1/2

[Event "77. Campeonato Brasileiro 2010 - Final"]
[Site "Americana BRA"]
[Date "2010.12.04"]
[Round "6.6"]
[White "Shumyatsky, Victor"]
[Black "Vescovi, Giovanni"]
[Result "0-1"]
[WhiteElo "2352"]
[BlackElo "2622"]
[PlyCount "82"]
[EventDate "2010.11.29"]
[EventType "tourn"]
[EventRounds "11"]
[EventCountry "BRA"]
[EventCategory "10"]
[Source "lmi"]
[SourceDate "2010.11.29"]

1. e4 e5 2. Nf3 Nc6 3. Bc4 Bc5 4. d3 Nf6 5. O-O d6 6. Nbd2 Na5 7. c3 Nxc4 8.
Nxc4 Be6 9. b4 Bb6 10. Nxb6 axb6 11. a4 h6 12. Qe2 O-O 13. h3 Bd7 14. c4 b5 15.
cxb5 Bxb5 16. Bxh6 Rxa4 17. Rxa4 Bxa4 18. Bg5 Qe7 19. Rc1 c6 20. d4 exd4 21.
Qa2 Ra8 22. Nxd4 Qxe4 23. Bxf6 Qf4 24. Rc3 Qxf6 25. Rf3 Qe7 26. Nf5 Qe1+ 27.
Kh2 Qe5+ 28. g3 d5 29. Qd2 f6 30. Nd4 c5 31. bxc5 Bd7 32. Re3 Qh5 33. Ne6 Bxe6
34. Rxe6 Ra1 35. Re1 Rxe1 36. Qxe1 Qf3 37. Qe6+ Kh7 38. Kg1 d4 39. Qc4 d3 40.
Qh4+ Kg6 41. g4 Qd5 0-1

[Event "77. Campeonato Brasileiro 2010 - Final"]
[Site "Americana BRA"]
[Date "2010.12.04"]
[Round "7.1"]
[White "Vescovi, Giovanni"]
[Black "Leitao, Rafael"]
[Result "1-0"]
[WhiteElo "2622"]
[BlackElo "2626"]
[PlyCount "135"]
[EventDate "2010.11.29"]
[EventType "tourn"]
[EventRounds "11"]
[EventCountry "BRA"]
[EventCategory "10"]
[Source "lmi"]
[SourceDate "2010.11.29"]

1. Nf3 d5 2. d4 Nf6 3. c4 c6 4. e3 Bf5 5. Nc3 e6 6. Nh4 Bg6 7. Be2 dxc4 8. Bxc4
Bh5 9. Be2 Bxe2 10. Qxe2 c5 11. Qb5+ Qd7 12. dxc5 a6 13. Qxd7+ Nbxd7 14. c6
bxc6 15. Ke2 Bd6 16. Nf3 Ke7 17. b3 Rhc8 18. Bb2 Nb6 19. Nd2 Kf8 20. Nce4 Nxe4
21. Nxe4 Be7 22. Rhc1 a5 23. Bd4 Nd7 24. Nc5 Nxc5 25. Bxc5 Ke8 26. Rc4 Bxc5 27.
Rxc5 Kd7 28. Rac1 Ra6 29. R1c4 Kd6 30. Rh5 Rh8 31. Rd4+ Ke7 32. Ra4 f5 33. e4
Kf6 34. Rh3 c5 35. Rc3 Rc8 36. Rc2 Ke5 37. h4 g6 38. Ke3 Ra7 39. f4+ Kd6 40. b4
fxe4 41. Kxe4 c4 42. bxa5 Rc5 43. Rcxc4 Raxa5 44. Rd4+ Ke7 45. Rxa5 Rxa5 46. a4
Kf6 47. g4 e5 48. g5+ Ke6 49. fxe5 Rxe5+ 50. Kd3 Ra5 51. Kc3 Ke5 52. Rb4 Ra7
53. Rb5+ Kf4 54. Kb3 Kg4 55. Rb4+ Kf5 56. Rc4 Ke5 57. Kb4 Kd5 58. Rc5+ Kd6 59.
a5 Rb7+ 60. Rb5 Rf7 61. a6 Kc6 62. Ra5 Rf4+ 63. Kc3 Rf8 64. a7 Ra8 65. Kc4 Kb6
66. Ra2 Rc8+ 67. Kd5 Ra8 68. Ke6 1-0

[Event "77. Campeonato Brasileiro 2010 - Final"]
[Site "Americana BRA"]
[Date "2010.12.04"]
[Round "7.2"]
[White "Mekhitarian, Krikor Sevag"]
[Black "Shumyatsky, Victor"]
[Result "1-0"]
[WhiteElo "2525"]
[BlackElo "2352"]
[PlyCount "95"]
[EventDate "2010.11.29"]
[EventType "tourn"]
[EventRounds "11"]
[EventCountry "BRA"]
[EventCategory "10"]
[Source "lmi"]
[SourceDate "2010.11.29"]

1. e4 c5 2. Nf3 Nc6 3. d4 cxd4 4. Nxd4 Nf6 5. Nc3 d6 6. Bg5 e6 7. Qd2 h6 8.
Bxf6 gxf6 9. O-O-O a6 10. f4 Qb6 11. Nb3 Bd7 12. Be2 h5 13. Rhf1 O-O-O 14. Kb1
Kb8 15. Rf3 Bc8 16. Rh3 h4 17. Qe1 Be7 18. Rxh4 Rxh4 19. Qxh4 f5 20. Qg3 fxe4
21. Nxe4 d5 22. Nc3 Bf6 23. Na4 Qc7 24. Qf2 Rh8 25. g3 Na5 26. Nb6 Nxb3 27.
axb3 Be7 28. Nxc8 Rxc8 29. Bh5 Bc5 30. Qe2 Ka7 31. f5 exf5 32. Rxd5 f4 33. Bg4
Rd8 34. Rxd8 Qxd8 35. gxf4 Qd4 36. f5 Kb6 37. c3 Qg1+ 38. Ka2 a5 39. Bf3 Qe3
40. Qd1 Qe5 41. Qd7 Qc7 42. Qd5 Bf8 43. h4 Bg7 44. h5 Ka7 45. Be4 Kb8 46. Qb5
Ka7 47. b4 axb4 48. Qxb4 1-0

[Event "77. Campeonato Brasileiro 2010 - Final"]
[Site "Americana BRA"]
[Date "2010.12.04"]
[Round "7.3"]
[White "Di Berardino, Diego Rafael"]
[Black "Fier, Alexandr"]
[Result "0-1"]
[WhiteElo "2491"]
[BlackElo "2572"]
[PlyCount "86"]
[EventDate "2010.11.29"]
[EventType "tourn"]
[EventRounds "11"]
[EventCountry "BRA"]
[EventCategory "10"]
[Source "lmi"]
[SourceDate "2010.11.29"]

1. d4 Nf6 2. c4 c5 3. d5 e6 4. Nc3 exd5 5. cxd5 d6 6. e4 g6 7. h3 Bg7 8. Nf3
O-O 9. Bd3 a6 10. a4 Nbd7 11. O-O Nh5 12. Bg5 Bf6 13. Be3 Re8 14. Re1 Ne5 15.
Be2 Nxf3+ 16. Bxf3 Ng7 17. Bf4 Rb8 18. Qd3 Bd4 19. Rab1 f5 20. Qd2 Qf6 21. Bg5
Qf8 22. b4 Bd7 23. bxc5 Bxc5 24. exf5 Bxf5 25. Be4 b5 26. axb5 axb5 27. Bxf5
Qxf5 28. Rxe8+ Nxe8 29. Rb3 b4 30. Nd1 Nc7 31. Bh6 Qxd5 32. Rd3 Qe5 33. Bf4 Qe4
34. Bxd6 Bxd6 35. Rxd6 b3 36. Rd7 Ne8 37. Qc3 Qe6 38. Ra7 Rc8 39. Qd2 Qd6 40.
Qe2 Nf6 41. Qf3 b2 42. Qb3+ Kh8 43. g3 Qxd1+ 0-1

[Event "77. Campeonato Brasileiro 2010 - Final"]
[Site "Americana BRA"]
[Date "2010.12.04"]
[Round "7.4"]
[White "Jatoba De Oliveira Reis, Paulo"]
[Black "Gonzalez, Bolivar Ribeiro"]
[Result "1/2-1/2"]
[WhiteElo "2378"]
[BlackElo "2277"]
[PlyCount "87"]
[EventDate "2010.11.29"]
[EventType "tourn"]
[EventRounds "11"]
[EventCountry "BRA"]
[EventCategory "10"]
[Source "lmi"]
[SourceDate "2010.11.29"]

1. Nf3 Nf6 2. c4 c5 3. Nc3 Nc6 4. g3 d5 5. d4 e6 6. cxd5 Nxd5 7. Bg2 Be7 8. O-O
O-O 9. Nxd5 exd5 10. dxc5 Bxc5 11. Bg5 Be7 12. Bxe7 Qxe7 13. e3 Rd8 14. Nd4 Ne5
15. Qb3 Be6 16. Rac1 Nc4 17. Qc3 Rdc8 18. b3 Nd6 19. Qa5 b6 20. Qa3 Nf5 21.
Qxe7 Nxe7 22. e4 dxe4 23. Nxe6 fxe6 24. Bxe4 Rxc1 25. Rxc1 Rc8 26. Rxc8+ Nxc8
27. f4 g6 28. Kf2 Kf7 29. Ke3 Kf6 30. g4 e5 31. h4 Ne7 32. Kf3 Ke6 33. Bd3 Kf6
34. g5+ Ke6 35. h5 exf4 36. Kxf4 Kd5 37. Bc4+ Kd4 38. Bf7 Nd5+ 39. Kg3 Ne7 40.
h6 Ke5 41. Kg4 a5 42. a3 Ke4 43. Be6 Ke5 44. Bf7 1/2-1/2

[Event "77. Campeonato Brasileiro 2010 - Final"]
[Site "Americana BRA"]
[Date "2010.12.04"]
[Round "7.5"]
[White "Milos, Gilberto"]
[Black "Barreto Filho, Carlos Alberto"]
[Result "1-0"]
[WhiteElo "2596"]
[BlackElo "2350"]
[PlyCount "67"]
[EventDate "2010.11.29"]
[EventType "tourn"]
[EventRounds "11"]
[EventCountry "BRA"]
[EventCategory "10"]
[Source "lmi"]
[SourceDate "2010.11.29"]

1. d4 Nf6 2. c4 g6 3. Nc3 Bg7 4. e4 d6 5. f3 O-O 6. Bg5 c5 7. d5 e6 8. Qd2 exd5
9. cxd5 a6 10. a4 Nbd7 11. Nh3 Re8 12. Be2 Qa5 13. O-O h5 14. Nf2 Nh7 15. Be3
Ne5 16. Bh6 f5 17. Bxg7 Kxg7 18. Bd3 Bd7 19. Bc2 fxe4 20. Nfxe4 Nf7 21. Kh1 Bf5
22. Rae1 Qb4 23. Qf2 b5 24. axb5 axb5 25. Bd3 Bxe4 26. Nxe4 Qd4 27. Bxb5 Reb8
28. Qe2 Qxd5 29. Bc4 Qe5 30. Bxf7 Kxf7 31. f4 Qxb2 32. Nxd6+ Kg8 33. Qe6+ Kg7
34. Qf7+ 1-0

[Event "77. Campeonato Brasileiro 2010 - Final"]
[Site "Americana BRA"]
[Date "2010.12.04"]
[Round "7.6"]
[White "Matsuura, Everaldo"]
[Black "El Debs, Felipe De Cresce"]
[Result "1-0"]
[WhiteElo "2490"]
[BlackElo "2502"]
[PlyCount "81"]
[EventDate "2010.11.29"]
[EventType "tourn"]
[EventRounds "11"]
[EventCountry "BRA"]
[EventCategory "10"]
[Source "lmi"]
[SourceDate "2010.11.29"]

1. e4 c6 2. d4 d5 3. exd5 cxd5 4. c4 Nf6 5. Nc3 e6 6. Nf3 Bb4 7. cxd5 Nxd5 8.
Bd2 Nc6 9. Bd3 O-O 10. O-O Be7 11. Qe2 Bf6 12. Qe4 g6 13. Bh6 Re8 14. Ne5 Bd7
15. Bc4 Nxc3 16. bxc3 Nxe5 17. dxe5 Bc6 18. Qf4 Be7 19. Rad1 Qa5 20. Rd3 Rad8
21. Rfd1 Rxd3 22. Rxd3 Qa4 23. Rd4 Qc2 24. h4 Qxc3 25. h5 b5 26. Bd3 Qc5 27.
hxg6 hxg6 28. Qg4 Bf8 29. Bxf8 Kxf8 30. Qf4 Kg8 31. Rd6 Rc8 32. Kh2 Be8 33. Qf6
a5 34. f4 Rb8 35. f5 exf5 36. Qe7 Qe3 37. e6 fxe6 38. Rxe6 Qxd3 39. Rf6 Bf7 40.
Qxf7+ Kh8 41. Rxg6 1-0

[Event "77. Campeonato Brasileiro 2010 - Final"]
[Site "Americana BRA"]
[Date "2010.12.05"]
[Round "8.1"]
[White "Leitao, Rafael"]
[Black "El Debs, Felipe De Cresce"]
[Result "1-0"]
[WhiteElo "2626"]
[BlackElo "2502"]
[PlyCount "51"]
[EventDate "2010.11.29"]
[EventType "tourn"]
[EventRounds "11"]
[EventCountry "BRA"]
[EventCategory "10"]
[Source "lmi"]
[SourceDate "2010.11.29"]

1. d4 Nf6 2. c4 g6 3. Nc3 d5 4. Bg5 Ne4 5. Bh4 Nxc3 6. bxc3 dxc4 7. e3 Be6 8.
Nf3 Bg7 9. Be2 O-O 10. O-O c5 11. Rb1 cxd4 12. Nxd4 Bd5 13. Qc2 Qc7 14. e4 Bc6
15. Bxc4 Be5 16. h3 Re8 17. f4 Bf6 18. Bxf7+ Kxf7 19. Qb3+ e6 20. f5 g5 21.
fxe6+ Kg6 22. Qc2 Qe5 23. Rxf6+ Kxf6 24. Qf2+ Kg7 25. Rxb7+ Kh8 26. Bg3 1-0

[Event "77. Campeonato Brasileiro 2010 - Final"]
[Site "Americana BRA"]
[Date "2010.12.05"]
[Round "8.3"]
[White "Gonzalez, Bolivar Ribeiro"]
[Black "Milos, Gilberto"]
[Result "1/2-1/2"]
[WhiteElo "2277"]
[BlackElo "2596"]
[PlyCount "90"]
[EventDate "2010.11.29"]
[EventType "tourn"]
[EventRounds "11"]
[EventCountry "BRA"]
[EventCategory "10"]
[Source "lmi"]
[SourceDate "2010.11.29"]

1. e4 c5 2. Nf3 Nc6 3. d4 cxd4 4. Nxd4 Nf6 5. Nc3 d6 6. Be2 g6 7. Be3 Bg7 8. h4
h5 9. f3 O-O 10. Qd2 Nxd4 11. Bxd4 Be6 12. O-O-O Qa5 13. Kb1 Rfc8 14. a3 Rc6
15. Nd5 Qxd2 16. Nxf6+ Bxf6 17. Rxd2 Kg7 18. c3 Bb3 19. Bd1 Bc4 20. Be2 Bxd4
21. cxd4 Rac8 22. Bxc4 Rxc4 23. Rdd1 R8c6 24. d5 R6c5 25. Rd2 a5 26. Re1 a4 27.
g4 Kh6 28. gxh5 Kxh5 29. Rg1 Rc8 30. Rg5+ Kh6 31. Rg1 Rh8 32. h5 gxh5 33. Rh2
Rcc8 34. f4 Rcg8 35. Rgh1 Kg6 36. Kc2 Kf6 37. Rxh5 Rxh5 38. Rxh5 Rg4 39. e5+
Kg6 40. exd6 exd6 41. Rh8 Rxf4 42. Rd8 Rf6 43. Rd7 Kf5 44. Re7 b5 45. Kc3 Kg4
1/2-1/2

[Event "77. Campeonato Brasileiro 2010 - Final"]
[Site "Americana BRA"]
[Date "2010.12.05"]
[Round "8.4"]
[White "Fier, Alexandr"]
[Black "Jatoba De Oliveira Reis, Paulo"]
[Result "0-1"]
[WhiteElo "2572"]
[BlackElo "2378"]
[PlyCount "66"]
[EventDate "2010.11.29"]
[EventType "tourn"]
[EventRounds "11"]
[EventCountry "BRA"]
[EventCategory "10"]
[Source "lmi"]
[SourceDate "2010.11.29"]

1. e4 e6 2. d4 d5 3. Nc3 Bb4 4. e5 Ne7 5. a3 Bxc3+ 6. bxc3 c5 7. Qg4 Qc7 8.
Qxg7 Rg8 9. Qxh7 cxd4 10. Ne2 Nbc6 11. f4 dxc3 12. Qd3 d4 13. Nxd4 Nxd4 14.
Qxd4 Bd7 15. Be3 b6 16. Rd1 O-O-O 17. Qd6 Nd5 18. Qxc7+ Kxc7 19. Bc1 Ba4 20.
Rd4 Bxc2 21. h3 b5 22. Kf2 Kc6 23. f5 exf5 24. a4 b4 25. Bb5+ Kb6 26. Rc4 Be4
27. Rg1 b3 28. Be3+ Nxe3 29. Kxe3 b2 30. Rb4 Ka5 31. Rb3 Bd5 32. Rxc3 Rg3+ 33.
Kd2 Be4+ 0-1

[Event "77. Campeonato Brasileiro 2010 - Final"]
[Site "Americana BRA"]
[Date "2010.12.05"]
[Round "8.6"]
[White "Vescovi, Giovanni"]
[Black "Mekhitarian, Krikor Sevag"]
[Result "1/2-1/2"]
[WhiteElo "2622"]
[BlackElo "2525"]
[PlyCount "33"]
[EventDate "2010.11.29"]
[EventType "tourn"]
[EventRounds "11"]
[EventCountry "BRA"]
[EventCategory "10"]
[Source "lmi"]
[SourceDate "2010.11.29"]

1. d4 Nf6 2. c4 e6 3. Nf3 d5 4. Nc3 c6 5. cxd5 exd5 6. Bg5 Be7 7. Qc2 g6 8. e3
Bf5 9. Bd3 Bxd3 10. Qxd3 O-O 11. O-O Nbd7 12. Rab1 a5 13. Qc2 Re8 14. Bxf6 Nxf6
15. a3 Bd6 16. Ne2 Qe7 17. Nc1 1/2-1/2

[Event "77. Campeonato Brasileiro 2010 - Final"]
[Site "Americana BRA"]
[Date "2010.12.06"]
[Round "9.1"]
[White "Mekhitarian, Krikor Sevag"]
[Black "Leitao, Rafael"]
[Result "1-0"]
[WhiteElo "2525"]
[BlackElo "2626"]
[PlyCount "81"]
[EventDate "2010.11.29"]
[EventType "tourn"]
[EventRounds "11"]
[EventCountry "BRA"]
[EventCategory "10"]
[Source "lmi"]
[SourceDate "2010.11.29"]

1. d4 Nf6 2. c4 e6 3. Nc3 Bb4 4. g3 c5 5. Nf3 b6 6. dxc5 Bxc5 7. Bg2 Bb7 8. O-O
O-O 9. Bf4 Nc6 10. a3 Be7 11. Qd3 Rc8 12. b4 a5 13. b5 Nb8 14. e4 d6 15. Rfd1
e5 16. Bg5 Ne8 17. Be3 Nd7 18. Rac1 h6 19. Bh3 f5 20. Nd5 fxe4 21. Qxe4 Kh8 22.
Nd2 Nef6 23. Qg6 Bxd5 24. cxd5 Rxc1 25. Rxc1 Nc5 26. Nc4 Qe8 27. Qxe8 Rxe8 28.
Bxc5 bxc5 29. Nxa5 Nxd5 30. Nc4 Rb8 31. a4 Nb4 32. Bg2 e4 33. Rd1 d5 34. Ne3
Rd8 35. b6 c4 36. b7 c3 37. Bxe4 Rb8 38. Bxd5 c2 39. Rc1 Bf6 40. Be4 Bb2 41.
Nxc2 1-0

[Event "77. Campeonato Brasileiro 2010 - Final"]
[Site "Americana BRA"]
[Date "2010.12.06"]
[Round "9.2"]
[White "Di Berardino, Diego Rafael"]
[Black "Vescovi, Giovanni"]
[Result "1/2-1/2"]
[WhiteElo "2491"]
[BlackElo "2622"]
[PlyCount "23"]
[EventDate "2010.11.29"]
[EventType "tourn"]
[EventRounds "11"]
[EventCountry "BRA"]
[EventCategory "10"]
[Source "lmi"]
[SourceDate "2010.11.29"]

1. d4 d5 2. c4 c6 3. Nc3 Nf6 4. e3 a6 5. Qc2 e6 6. Nf3 c5 7. cxd5 exd5 8. g3
Nc6 9. Bg2 Be6 10. O-O cxd4 11. Nxd4 Nxd4 12. exd4 1/2-1/2

[Event "77. Campeonato Brasileiro 2010 - Final"]
[Site "Americana BRA"]
[Date "2010.12.06"]
[Round "9.3"]
[White "Jatoba De Oliveira Reis, Paulo"]
[Black "Shumyatsky, Victor"]
[Result "1-0"]
[WhiteElo "2378"]
[BlackElo "2352"]
[PlyCount "67"]
[EventDate "2010.11.29"]
[EventType "tourn"]
[EventRounds "11"]
[EventCountry "BRA"]
[EventCategory "10"]
[Source "lmi"]
[SourceDate "2010.11.29"]

1. g3 Nf6 2. Bg2 c5 3. c4 e6 4. Nf3 d5 5. d4 Nc6 6. O-O Be7 7. dxc5 Bxc5 8. a3
O-O 9. b4 Be7 10. Bb2 a6 11. Nbd2 Re8 12. Qc2 Bd7 13. Rac1 Rc8 14. Qb1 b5 15.
c5 Bf8 16. e4 dxe4 17. Nxe4 Nxe4 18. Qxe4 f6 19. Rcd1 Qc7 20. Qg4 Kh8 21. Qh5
Kg8 22. Nd2 f5 23. Nf3 h6 24. g4 Red8 25. gxf5 exf5 26. Nh4 Ne7 27. Ng6 Bc6 28.
Nxe7+ Qxe7 29. Qxf5 Bxg2 30. Kxg2 Qe2 31. Bd4 Qc4 32. Be3 Qb3 33. Rd7 Qxa3 34.
Qd5+ 1-0

[Event "77. Campeonato Brasileiro 2010 - Final"]
[Site "Americana BRA"]
[Date "2010.12.06"]
[Round "9.4"]
[White "Milos, Gilberto"]
[Black "Fier, Alexandr"]
[Result "1-0"]
[WhiteElo "2596"]
[BlackElo "2572"]
[PlyCount "55"]
[EventDate "2010.11.29"]
[EventType "tourn"]
[EventRounds "11"]
[EventCountry "BRA"]
[EventCategory "10"]
[Source "lmi"]
[SourceDate "2010.11.29"]

1. c4 Nf6 2. Nc3 g6 3. e4 d6 4. d4 Bg7 5. f3 O-O 6. Bg5 c5 7. d5 e6 8. Qd2 exd5
9. Nxd5 Be6 10. Ne2 Bxd5 11. cxd5 Qe8 12. Nc3 Nh5 13. Be2 f6 14. Bh4 f5 15.
exf5 gxf5 16. O-O Qg6 17. f4 Bxc3 18. Qxc3 Ng7 19. Rf3 Nh5 20. Re1 Re8 21. Rh3
Rxe2 22. Rxe2 Nxf4 23. Rf2 Nxh3+ 24. Qxh3 Qg4 25. Qxg4+ fxg4 26. Rf6 Nd7 27.
Rxd6 Nb6 28. Rxb6 1-0

[Event "77. Campeonato Brasileiro 2010 - Final"]
[Site "Americana BRA"]
[Date "2010.12.06"]
[Round "9.5"]
[White "Matsuura, Everaldo"]
[Black "Gonzalez, Bolivar Ribeiro"]
[Result "1-0"]
[WhiteElo "2490"]
[BlackElo "2277"]
[PlyCount "121"]
[EventDate "2010.11.29"]
[EventType "tourn"]
[EventRounds "11"]
[EventCountry "BRA"]
[EventCategory "10"]
[Source "lmi"]
[SourceDate "2010.11.29"]

1. e4 e6 2. d4 d5 3. Nc3 Nf6 4. e5 Nfd7 5. f4 c5 6. Nf3 Nc6 7. Be3 cxd4 8. Nxd4
Nxd4 9. Bxd4 Bc5 10. Bxc5 Nxc5 11. Qd4 b6 12. O-O-O O-O 13. h4 Bb7 14. h5 f6
15. Rh2 fxe5 16. Qxe5 Qf6 17. Qxf6 Rxf6 18. g3 Bc6 19. Bg2 Nb7 20. Ne2 Nd6 21.
Nd4 Bd7 22. Re1 Nf5 23. Nxf5 Rxf5 24. Bh3 Rf6 25. Rhe2 Kf7 26. f5 Re8 27. fxe6+
Bxe6 28. Kd2 Re7 29. Re5 Re8 30. Kd3 Re7 31. Kd4 Re8 32. R1e3 Re7 33. a4 Re8
34. b3 Re7 35. c3 Re8 36. b4 Re7 37. Re1 Re8 38. R1e2 Re7 39. R2e3 Re8 40. Bg4
Re7 41. Bxe6+ Rexe6 42. Rxd5 Rxe3 43. Kxe3 Rc6 44. Kd4 Ke7 45. c4 Rf6 46. c5
bxc5+ 47. Kxc5 Rf3 48. g4 Rg3 49. Rd4 g5 50. hxg6 hxg6 51. b5 g5 52. a5 Ra3 53.
Kb4 Ra1 54. b6 axb6 55. axb6 Ke6 56. Kc5 Rc1+ 57. Rc4 Rb1 58. Kc6 Ke5 59. b7
Rb2 60. Rc5+ Kf4 61. Rb5 1-0

[Event "77. Campeonato Brasileiro 2010 - Final"]
[Site "Americana BRA"]
[Date "2010.12.06"]
[Round "9.6"]
[White "El Debs, Felipe De Cresce"]
[Black "Barreto Filho, Carlos Alberto"]
[Result "1-0"]
[WhiteElo "2502"]
[BlackElo "2350"]
[PlyCount "53"]
[EventDate "2010.11.29"]
[EventType "tourn"]
[EventRounds "11"]
[EventCountry "BRA"]
[EventCategory "10"]
[Source "lmi"]
[SourceDate "2010.11.29"]

1. Nf3 Nf6 2. c4 g6 3. Nc3 Bg7 4. e4 d6 5. d4 O-O 6. Be2 e5 7. Be3 exd4 8. Nxd4
Re8 9. f3 c6 10. Bf2 d5 11. exd5 cxd5 12. O-O Nc6 13. c5 Nh5 14. Qd2 Be5 15. g3
Ng7 16. Rfd1 Be6 17. Nxe6 Nxe6 18. Qxd5 Bxc3 19. bxc3 Qf6 20. Qd2 Nxc5 21. Kg2
Na4 22. Bb5 Nxc3 23. Bxc6 Nxd1 24. Bxe8 Nxf2 25. Re1 Nh3 26. Kxh3 Qxf3 27. Ba4
1-0

[Event "77. Campeonato Brasileiro 2010 - Final"]
[Site "Americana BRA"]
[Date "2010.12.07"]
[Round "10.1"]
[White "Leitao, Rafael"]
[Black "Barreto Filho, Carlos Alberto"]
[Result "1-0"]
[WhiteElo "2626"]
[BlackElo "2350"]
[PlyCount "47"]
[EventDate "2010.11.29"]
[EventType "tourn"]
[EventRounds "11"]
[EventCountry "BRA"]
[EventCategory "10"]
[Source "lmi"]
[SourceDate "2010.11.29"]

1. d4 Nf6 2. c4 g6 3. Nf3 Bg7 4. g3 d5 5. cxd5 Nxd5 6. Bg2 Nb6 7. Nc3 Nc6 8. e3
O-O 9. O-O Re8 10. Re1 Bd7 11. Qe2 Qc8 12. b3 Bg4 13. Bb2 Rd8 14. Ne4 e5 15. h3
Bxf3 16. Qxf3 exd4 17. Nf6+ Kh8 18. exd4 Qf5 19. Qxf5 gxf5 20. d5 Nb4 21. Re7
N4xd5 22. Rxf7 Nxf6 23. Bxf6 Bxf6 24. Rxf6 1-0